00544nam a2200169 a 450000100100000000500170001000800410002704000250006808200130009324500870010626000440019330000210023749000280025850400320028670000280031883000280034600002497020200930023500.0110201s1968 xxu r 000 0 spa d aDO-SdBNPbspacBNPHU ann*bnn*00aRobert Lowell :ba collection of critical essays /cedición de Thomas Parkinson. aEstados Unidos :bPrentice-Hall,c1968. a176 p. ;c20 cm.1 aTwentieth century views aBibliografía : 175-176 p.1 aParkinson, Thomas,eed. 0aTwentieth century views